000 00505nam a2200181Ia 4500
001 25395
005 20260414151147.0
008 260414t2005||||xx |||||||||||||| ||spa||
041 _aESP
082 _a346.5
_bM86A
100 _aMoreyra García Sayán, Francisco
_eAUT
245 0 _aEl acto jurídico según el código civil peruano :
_bcurso teórico, histórico y comparativo
260 _c2005
300 _a364 páginas :
_c24 cm.
650 _aDER
654 _aCDE
942 _cLIB
_dJUS
_fJUS
_2ddc
_n
999 _c25395
_d25395